000 00565pab a2200193 454500
008 180718b2008 xxu||||| |||| 00| 0 eng d
100 _aWal, Zeger van der
245 _aValue solidity in government and business: results of an empirical study on public and private sector organizational values
260 _c2008
300 _ap.264-85.
362 _aSep
650 _aPrivate sector
650 _aPublic sector
650 _aOrganization
700 _aHuberts, Leo
773 _aAmerican Review of Public Administration
908 _aN
909 _a79984
999 _c79984
_d79984